000 00312nam a2200121Ia 4500
008 190216s9999||||xx |||||||||||||| ||und||
100 _aToh C K
245 0 _aAdhoc Mobile Wireless Networks Protocols And Systems
260 _bPearson Education International
300 _a302
650 _aPhysics
942 _cBK
999 _c34185
_d34185